| 000 | 00601nam a2200193 4500 | ||
|---|---|---|---|
| 999 |
_c170479 _d170479 |
||
| 005 | 20191216161835.0 | ||
| 010 | _aENG-127153 | ||
| 020 |
_a9789352875757 _c230.00 |
||
| 035 | _aEN-110685 | ||
| 037 | _bDBAD/PUB | ||
| 082 | _a306.095 | ||
| 100 | _aChakraborty, Abin | ||
| 245 |
_aPopular Culture / _cby Abin Chakraborty |
||
| 260 |
_aHyderabad _bOrient Blankswan Private _c2019 |
||
| 270 |
_a3-6-752 Himayatnagar, Hyderabad _bTelangana _e500029 _mindo@orientblackswan.com |
||
| 300 |
_axiii;185p . _c21cm(pbk) |
||
| 500 | _aIncludes references | ||
| 942 |
_2ddc _cEN _h306.095 _mCHA |
||